Remediation of artificial water basins of uranium enterprises; Методология проектирования молодежного научно-инновационного пространства для российской энергетики

Bibliografski detalji
Parent link:Методология проектирования молодежного научно-инновационного пространства для российской энергетики.— 2013.— [С. 11-15]
Glavni autor: Chalov S. A.
Autori kompanije: Национальный исследовательский Томский политехнический университет (ТПУ) Физико-технический институт (ФТИ) Кафедра химической технологии редких, рассеянных и радиоактивных элементов (№ 43) (ХТРЭ), Национальный исследовательский Томский политехнический университет (ТПУ) Институт кибернетики (ИК) Кафедра иностранных языков института кибернетики (ИЯИК)
Daljnji autori: Faizulaev D. Sh. (научный консультант), Egorov N. B. Nikolai Borisovich (научный руководитель), Rozanova Ya. V. Yana Viktorovna
Sažetak:Заглавие с экрана
In the given paper the technology of one of the stages of slurry storage basins conservation - cleaning decantates from slurry storage basins of uranium production, which reduces uranium content to the value below the MPC level (0.1 mg / L) is proposed.The process of galvanochemical treatment of decantates from slurry storage basins of uranium enterprises is considered. The main features of the galvanochemical treatment are determined. Comparison with direct alkalization of the decantate is made. This research work will be useful for nuclear industry workers involved in preservation and radioactive waste management, as well as for scientists working on environmental safety and at engineering complexes processing all types of waste.
Jezik:engleski
Izdano: 2013
Serija:Nuclear technologies as integral part of engineering sciencein the modern world
Teme:
Online pristup:http://www.lib.tpu.ru/fulltext/c/2013/C07/002.pdf
Format: Elektronički Poglavlje knjige
KOHA link:https://koha.lib.tpu.ru/cgi-bin/koha/opac-detail.pl?biblionumber=241664

MARC

LEADER 00000naa2a2200000 4500
001 241664
005 20251217110404.0
035 |a (RuTPU)RU\TPU\book\262950 
035 |a RU\TPU\book\262492 
090 |a 241664 
100 |a 20130815d2013 k y0rusy50 ba 
101 0 |a eng 
102 |a RU 
135 |a drcn ---uucaa 
200 1 |a Remediation of artificial water basins of uranium enterprises  |f S. A. Chalov, D. Sh. Faizulaev  |g sci. adv. N. B. Egorov, YA. V. Rozanova 
215 |a 1 файл(412 Кб) 
225 1 |a Nuclear technologies as integral part of engineering sciencein the modern world 
300 |a Заглавие с экрана 
320 |a [Библиогр.: с. 15 (9 назв.)] 
330 |a In the given paper the technology of one of the stages of slurry storage basins conservation - cleaning decantates from slurry storage basins of uranium production, which reduces uranium content to the value below the MPC level (0.1 mg / L) is proposed.The process of galvanochemical treatment of decantates from slurry storage basins of uranium enterprises is considered. The main features of the galvanochemical treatment are determined. Comparison with direct alkalization of the decantate is made. This research work will be useful for nuclear industry workers involved in preservation and radioactive waste management, as well as for scientists working on environmental safety and at engineering complexes processing all types of waste. 
337 |a Adobe Reader 
463 1 |0 (RuTPU)RU\TPU\book\258133  |t Методология проектирования молодежного научно-инновационного пространства для российской энергетики  |l Strategy design of youth science and innovation environment for modern engineer training  |o сборник научных трудов Международной молодежной научной школы, г. Томск, 27 - 29 марта 2013 г.  |f Национальный исследовательский Томский политехнический университет (ТПУ)  |v [С. 11-15]  |d 2013 
610 1 |a электронный ресурс 
610 1 |a труды учёных ТПУ 
610 1 |a uranium 
610 1 |a radionuclides 
610 1 |a treatment 
700 1 |a Chalov  |b S. A. 
701 1 |a Faizulaev  |b D. Sh. 
702 1 |a Egorov  |b N. B.  |c chemical engineer  |c Associate Professor of Tomsk Polytechnic University, Candidate of chemical science  |f 1974-  |g Nikolai Borisovich  |3 (RuTPU)RU\TPU\pers\31207  |4 695 
702 1 |a Rozanova  |b Ya. V.  |c Linguist  |c Senior Lecturer of Tomsk Polytechnic University  |f 1983-  |g Yana Viktorovna  |4 727 
712 0 2 |a Национальный исследовательский Томский политехнический университет (ТПУ)  |b Физико-технический институт (ФТИ)  |b Кафедра химической технологии редких, рассеянных и радиоактивных элементов (№ 43) (ХТРЭ)  |3 (RuTPU)RU\TPU\col\18733 
712 0 2 |a Национальный исследовательский Томский политехнический университет (ТПУ)  |b Институт кибернетики (ИК)  |b Кафедра иностранных языков института кибернетики (ИЯИК)  |3 (RuTPU)RU\TPU\col\18707 
801 1 |a RU  |b 63413507  |c 20101016 
801 2 |a RU  |b 63413507  |c 20220328  |g RCR 
856 4 |u http://www.lib.tpu.ru/fulltext/c/2013/C07/002.pdf 
942 |c CF